000 00899nam a2200229 a 4500
001 000025902
003 AM-YEHGA
005 20250618070901.0
008 001023s1987 ai |||||||||||arm d
040 _aAM-YeHGA
041 0 _aarm
100 1 _aԴալլաքյան, Կարլեն Լևոնի,
_d1929-2008
_91293
245 1 0 _aՀպանցիկ դիմապատկերներ :
_b[Հեղափոխության, արվեստի և գրականության գործիչների դիմապատկերներ] /
_cԿ.Լ. Դալլաքյան ; Խմբ.՝ Գ.Գ. Դալլաքյան.
246 3 1 _aМимолетные портреты
260 _aԵրևան :
_bՀայաստան,
_c1987.
300 _a182 էջ ;
_c21 սմ.
650 1 4 _aԳրականագիտություն
653 0 _aՆշանավոր մարդիկ
700 1 _aԴալլաքյան, Գ.Գ.
_eխմբ.
_4edt
942 _2udc
_cBK
090 _c10891
999 _c10811
_d10811